Concrete Structures / (Record no. 1877)

MARC details
000 -LEADER
fixed length control field 00816nac a22002291u 4500
008 - FIXED-LENGTH DATA ELEMENTS--GENERAL INFORMATION
fixed length control field 100908t2007 ohu|||||r|||| 001 0 eng d
010 ## - LIBRARY OF CONGRESS CONTROL NUMBER
LC control number 2006017887
020 ## - INTERNATIONAL STANDARD BOOK NUMBER
International Standard Book Number 0131988271
020 ## - INTERNATIONAL STANDARD BOOK NUMBER
International Standard Book Number 9780131988279
035 ## - SYSTEM CONTROL NUMBER
System control number (OCoLC)ocm69734533
035 ## - SYSTEM CONTROL NUMBER
System control number (OCoLC)69734533
082 00 - DEWEY DECIMAL CLASSIFICATION NUMBER
Classification number 624.1834
Item number SET
Edition number 22
100 ## - MAIN ENTRY--PERSONAL NAME
Personal name Setareh, Mehdi.
9 (RLIN) 18735
245 10 - TITLE STATEMENT
Title Concrete Structures /
Statement of responsibility, etc Mehdi Setareh, Robert Darvas.
260 ## - PUBLICATION, DISTRIBUTION, ETC. (IMPRINT)
Place of publication, distribution, etc Upper Saddle River, N.J. :
Name of publisher, distributor, etc Pearson/Prentice Hall,
Date of publication, distribution, etc c2007.
300 ## - PHYSICAL DESCRIPTION
Extent xii, 564 p. :
Other physical details ill. ;
Dimensions 25 cm. +
Accompanying material 1 CD-ROM (4 3/4 in.)
500 ## - GENERAL NOTE
General note Includes index.
650 #0 - SUBJECT ADDED ENTRY--TOPICAL TERM
Topical term or geographic name as entry element Concrete construction.
9 (RLIN) 18736
700 1# - ADDED ENTRY--PERSONAL NAME
Personal name Darvas, Robert.
9 (RLIN) 18737
856 41 - ELECTRONIC LOCATION AND ACCESS
Materials specified Table of contents
Uniform Resource Identifier <a href="http://www.loc.gov/catdir/toc/ecip0614/2006017887.html">http://www.loc.gov/catdir/toc/ecip0614/2006017887.html</a>
942 ## - ADDED ENTRY ELEMENTS (KOHA)
Institution code [OBSOLETE] 000002439
Item type Book - Borrowing
Call number prefix 624.1834 SET
Source of classification or shelving scheme Dewey Decimal Classification
Holdings
Withdrawn status Item status Source of classification or shelving scheme Damaged status Not for loan Vendor Home library Current library Shelving location Date acquired Source of acquisition Total Checkouts Full call number Barcode Date last seen Date last borrowed Cost, replacement price Koha item type
    Dewey Decimal Classification       Central Library Central Library First floor 08/09/2010   2 624.1834 SET 000002439 15/07/2025 30/04/2015 242.30 Book - Borrowing